MARC

LEADER 00000nab a2200000 ar4500
001 vtls010867203
003 SK-MaSNL
005 20260305014228.0
008 150908c2015 xo sr|p|||||||000 b|slo
038 |a PPPK 
040 |a PPPKCL  |b slo  |c PPPKCL  |e AACR2 
041 0 |a slo 
044 |a xo  |c SK 
080 |a 613.83  |2 2001 
080 |a 364.692-212  |2 2001 
080 |a 37.014.542  |2 2001 
100 1 |a Humeník, Pavol,  |d 1963-  |4 aut  |9 240569 
245 1 0 |a Mestu bol schválený projekt "Kežmarok proti drogám"  |c Pavol Humeník 
610 2 7 |a Kežmarok proti drogám (projekt)  |2 pppkcl  |9 1592181 
610 2 7 |a Zober loptu, nie drogy (projekt)  |2 pppkcl  |9 1092636 
610 2 7 |a Zober hudbu, neber drogu (projekt)  |2 pppkcl  |9 1592182 
610 1 7 |a Slovensko.  |b Ministerstvo zdravotníctva  |2 pppkcl  |9 120432 
650 0 7 |a drogy  |2 pppkcl  |9 1552 
650 0 7 |a drogová prevencia  |2 pppkcl  |9 1549 
650 0 7 |a vzdelávacie projekty  |2 pppkcl  |9 28631 
650 0 7 |a športové podujatia  |2 pppkcl  |9 346711 
651 7 |a Kežmarok (Slovensko)  |2 pppkcl  |9 26808 
773 0 |t Kežmarok  |g Roč. XXIII, č. 15 (2015), s. 2 
852 |a PPPK  |b KIS3GCP 
999 |c 3268413  |d 3270343